00608nam a22001817a 4500999001900000003000500019038001100024082002000035100002900055245005400084260003800138300001300176500001500189880003900204880006700243942001200310952010400322 c523791d523791NUST awaseem a891.491109bBHA aBhatti, Amjad Ali914347 aInsaan Dosti Te Punjabi Sheri /cAmjad Ali Bhatti aLahore :bA.H. Publishers,c2008. a572 p. ; aHardcover. 6100-02\raامجد علی بھٹی 6245-02\raانسان دوستی تے پنجابی شاعری / 2ddccBK 00102ddc4070aCLbCLcPLITd2019-05-28l0o891.491109 BHApCL-E-1870r2019-05-28w2019-05-28yBK